| 000 | 00562nam a22001937a 4500 | ||
|---|---|---|---|
| 999 |
_c527400 _d527400 |
||
| 003 | NUST | ||
| 005 | 20190726071322.0 | ||
| 008 | 190726b ||||| |||| 00| 0 eng d | ||
| 038 | _aMr. Noman | ||
| 082 | _a621.39 | ||
| 100 |
_aSabahat, Nosheen _918634 |
||
| 245 |
_aSOFTWARE SIZE ESTIMATION MODEL FOR BOARD-BASED DESKTOP GAMES / _cNosheen Sabahat. |
||
| 260 |
_aIslamabad: _bCEME - NUST, _c2017. |
||
| 300 |
_a139 p.: ill.; _c30cm. |
||
| 500 | _aHardcover. | ||
| 650 |
_aCSE Ph. D Thesis. _918611 |
||
| 700 |
_aDr. Farooque Azam. _917306 |
||
| 942 |
_2ddc _cTHE |
||